Forecasting in a Small Open Economy: Lessons from Machine Learning

Salvato in:
Dettagli Bibliografici
Autore principale: Csápai, Ádám, 1996-
Natura: Capitolo di libro
Lingua:inglese
Soggetti:
Tags: Aggiungi Tag
Nessun Tag, puoi essere il primo ad aggiungerne!!

MARC

LEADER 00000naa$a2200000$$$4500
001 0314056
005 20260116085413.7
041 0 |a eng 
044 |a SK 
245 1 0 |a Forecasting in a Small Open Economy: Lessons from Machine Learning  |c Ádám Csápai 
500 |a Abstrakt 
610 2 0 |a prognostika 
610 2 0 |a prognózovanie 
610 2 0 |a hospodárstvo otvorené 
610 2 0 |a učenie strojové 
100 1 |a Csápai, Ádám, 1996-